000 00615nam a22001817a 4500
005 20170817123322.0
010 _aENG-119615
020 _a9788178331744
_c1695.00
035 _aEN-103147
037 _bDBAD/PUB
082 _a668.374
100 _aPanda,Himadri
245 _aEpoxy resins technology handbook :
_cby Himadri Panda
_bmanufacturing process synthesis epoxy resin adhesives and epoxy coating/
260 _aDelhi
_bAsia Pacific Business Press
_c2016
270 _a106-E, Kamla Nagar,
_bDelhi
_e110009
300 _axvi,544p.:
_c23cm(Hb)
_bill.
942 _2ddc
_cEN
_mPAN
_h668.374
999 _c143220
_d143220